000 00863cad a22001815a 4500
001 E151974
008 110117n xxk f 000 0 eng d
035 _a(Sirsi) u151974
041 0 _aeng
110 2 _aChartered Institute of Building
_92134
245 0 4 _aThe impact of the ageing population on the construction industry
_h[electronic resource]
260 _aAscot
_bCIOB
_c[200?]
520 _aPresents the results of research into the impact of the ageing population on the construction industry, and looks at how the sector is dealing with the challenges.
651 4 _aUnited Kingdom
_y
690 _aConstruction management
_96230
856 4 0 _uhttps://www.ciob.org.uk/sites/ciob.org.uk/files/The%20Impact%20of%20the%20Ageing%20Population%20on%20the%20Construction%20Industry.pdf
_zView the survey free of charge (PDF file) at www.ciob.org.uk
942 _n0
999 _c111770
_d111770